Obce a města České republiky abecední seznam

Enregistré dans:
Détails bibliographiques
Format: Livre
Langue:tchèque
Publié: Praha Informační a poradenské středisko pro místní kulturu 1992
Édition:1. vyd.
Sujets:
Tags: Ajouter un tag
Pas de tags, Soyez le premier à ajouter un tag!

MARC

LEADER 00000nam a2200000 4500
001 c001728
005 20221214091843.2
020 |a 80-7068-044-X 
041 0 |a cze 
044 |a CZ 
245 1 0 |a Obce a města České republiky  |b abecední seznam 
250 |a 1. vyd. 
264 1 |a Praha  |b Informační a poradenské středisko pro místní kulturu  |c 1992 
300 |a 127 s. 
610 2 0 |a obce 
610 2 0 |a mestá 
610 2 0 |a správa miestna 
610 2 0 |a Česko